00764nam a22001937a 4500003000900000008004100009020002200050040007100072082002200143100001800165245007400183260005900257300005000316505012200366650002200488650001900510650001800529650002300547AR-CdUCM190228b ||||| |||| 00| 0 spa d a978-9972-792-51-9 aMUNICIPALIDAD PROVINCIAL DEL CUSCOcBIBLIOTECA MUNICIPAL DEL CUSCO a333.7316 / bS66  aSolano, Pedro aLa esperanza es verde :báreas naturales protegidas en el Perú /  aLima : bSociedad Peruana de Derecho Ambiental,c2011. a292 paginas ;.bIlustraciones, mapas.c21 cm. aÁreas protegidas -- Áreas naturales -- Derecho ambienta l-- Política ambiental -- Historia Áreas naturales... aÁreas naturales aMedio ambiente aFlora y fauna aPatrimonio natural